000 00399nam a2200145 i 4500
001 bg
100 1 _aKERNTOPF, Paweł
245 0 _aWybrane zagadnienia syntezy kombinacyjnych układów logicznych /
_cPaweł Kerntopf,Antoni Michalski.
260 _aWarszawa,
_c1972.
700 1 _aMICHALSKI, Antoni
040 _cBPK
041 _apol
942 _cKS
008 s pl f |000 0 pol
999 _c16731
_d16731
856 _uhttp://koha.tu.koszalin.pl/cgi-bin/koha/opac-detail.pl?biblionumber=16731
_yKatalog online BPK